Quiz su Bergamo - Statistics

Statistiche generali
  • Questo quiz è stato fatto 52 volte
  • Il punteggio medio è 14 su 21
Statistiche sulle risposte
Hint Risposta % Corretto
Sigla Bg
100%
Regione Lombardia
100%
Squadra di calcio Atalanta
98%
Province confinanti Brescia
98%
Province confinanti Milano
98%
Province confinanti Monza
93%
Province confinanti Cremona
90%
Province confinanti Lecco
88%
Province confinanti Sondrio
88%
Province confinanti Como
75%
Fiume principale Serio
50%
Montagne locali Orobie
48%
Patrono sant'Alessandro
48%
Prefisso 035
45%
Celebre compositore italiano nato in questa città Gaetano Donizetti
45%
Fiume principale Brembo
43%
Soprannome della città Città dei Mille
38%
Quando si celebra 26 agosto
33%
Patrimonio Unesco Mura veneziane
30%
Lago principale Lago di Endine
28%
Lago principale Lago di Iseo
28%
Nessun quiz corrispondente trovato
Distribuzione punteggi
Percentuale di utenti per punteggio
Percentile per numero di risposta
I tuoi punteggi nel tempo
Non hai fatto questo quiz